000 01123nam0a22002651 4500
001 rc\4593432
005 20260408082717.0
021 _aRU
_b[68-97442]
035 _a(NLR Aleph) 008385064
090 _a9141805
_c9141805
100 _a20130416d1968 |||y0rusy50 ca
101 0 _arus
102 _aRU
105 _ay z |||||
200 1 _aМетодическое пособие к изучению курса "Финансы и кредит"
_eДля слушателей ЗВПШ при ЦК КПСС
_fЗаоч. высш. парт. школа при ЦК КПСС. Кафедра экономики пром-сти и основ пром. производства
210 _aМосква
_cМысль
_d1968
215 _a61 с.
_d20
300 _aНа обороте тит. л. авт.: канд. экон. наук Л.Д. Махаева
701 1 _aМахаева
_bЛ.Д.
712 0 2 _aЗаочная высшая партийная школа
_cМосква
_3RU\NLR\AUTH\8810151452
_9797595
801 0 _aRU
_bNLR
_gpsbo
801 1 _aRU
_bELAR
_2rusmarc
852 _aNLR
_j69-4/1682
942 _cBOOK
980 _aNB